000 00574cam a22001694a 4500
020 _a0072468491 (hard copy : alk. paper)
082 0 0 _a808/.0666
100 1 _aFinkelstein, Leo,
245 1 0 _aPocket book of technical writing for engineers and scientists /
250 _a2nd ed.
260 _aBoston :
_bMcGraw-Hill Higher Education,
_c2005.
300 _axxi, 362 p. :
_bill. ;
650 0 _aTechnical writing
856 4 1 _uhttp://www.loc.gov/catdir/toc/ecip0411/2003025059.html
856 4 2 _uhttp://www.loc.gov/catdir/enhancements/fy0614/2003025059-d.html
942 _cBK
999 _c32529
_d32529